000 00756nam a2200241 4500
003 OSt
005 20260601170959.0
008 260506b2010\\\\nyua||||\||||\00|\0\eng\d
020 _a9781581156683
040 _aICI
_bspa
_cICI
041 _aeng
050 _aTS171.4
_bD473
245 1 _aDesign thinking :
_bintegrating innovation, customer experience and brand value /
_cedited by Thomas Lockwood
264 _aNew York, NY :
_bAllworth Press,
_c[2010]
300 _a285 páginas :
_bilustraciones
336 _atexto
_2rdacontent
337 _asin medio
_2rdamedia
338 _avolumen
_2rdacarrier
650 _aDiseño industrial
_915218
650 _aDiseño de producto
_931168
700 1 _aLockwood, Thomas,
_eeditor
_931169
942 _2lcc
_cB
_n1
999 _c20000
_d20000